[Event "Irena Warakomska Memorial 2019"]
[Site "Suwalki"]
[Date "2019.08.05"]
[Round "1"]
[White "Malakhatko, Vadim"]
[Black "Sowul, Bartosz"]
[Result "0-1"]
[Board "21"]
[WhiteElo "2456"]
[WhiteTitle "GM"]
[WhiteCountry "BEL"]
[WhiteFideId "14104202"]
[WhiteEloChange "-8"]
[BlackElo "2224"]
[BlackCountry "POL"]
[BlackFideId "1137590"]
[BlackEloChange "16"]

1. c4 {[%clk 1:28:22]} Nf6 {[%clk 1:30:37]} 2. Nc3 {[%clk 1:28:29]} g6 {[%clk
1:30:56]} 3. d4 {[%clk 1:28:24]} Bg7 {[%clk 1:30:59]} 4. e4 {[%clk 1:28:47]} d6
{[%clk 1:31:24]} 5. Nf3 {[%clk 1:29:10]} O-O {[%clk 1:31:48]} 6. Be2 {[%clk
1:29:35]} c5 {[%clk 1:32:10]} 7. O-O {[%clk 1:29:53]} cxd4 {[%clk 1:32:32]} 8.
Nxd4 {[%clk 1:30:17]} Nc6 {[%clk 1:32:55]} 9. Be3 {[%clk 1:30:40]} Bd7 {[%clk
1:33:15]} 10. Qd2 {[%clk 1:31:02]} Nxd4 {[%clk 1:33:17]} 11. Bxd4 {[%clk
1:31:25]} Bc6 {[%clk 1:33:41]} 12. f3 {[%clk 1:31:48]} Nd7 {[%clk 1:33:17]} 13.
Bf2 {[%clk 1:29:39]} a5 {[%clk 1:33:19]} 14. Rfe1 {[%clk 1:17:21]} Nc5 {[%clk
1:26:52]} 15. Rab1 {[%clk 1:12:28]} e6 {[%clk 1:16:46]} 16. Bd1 {[%clk 1:09:40]}
Qc7 {[%clk 1:11:11]} 17. Bc2 {[%clk 1:05:17]} Rfc8 {[%clk 1:03:31]} 18. Rbd1
{[%clk 0:50:20]} Rd8 {[%clk 1:00:53]} 19. b3 {[%clk 0:41:14]} Qb6 {[%clk
0:43:08]} 20. Ne2 {[%clk 0:41:11]} Qc7 {[%clk 0:38:57]} 21. Nd4 {[%clk 0:37:47]}
e5 {[%clk 0:29:21]} 22. Ne2 {[%clk 0:35:18]} b5 {[%clk 0:25:00]} 23. cxb5 {[%clk
0:30:49]} Bxb5 {[%clk 0:25:24]} 24. Nc3 {[%clk 0:31:15]} Bc6 {[%clk 0:25:39]} 25.
Nd5 {[%clk 0:29:41]} Bxd5 {[%clk 0:21:39]} 26. Qxd5 {[%clk 0:30:04]} Ne6 {[%clk
0:21:37]} 27. Bd3 {[%clk 0:27:46]} Nf4 {[%clk 0:18:11]} 28. Qc4 {[%clk 0:26:45]}
Qe7 {[%clk 0:15:24]} 29. Bf1 {[%clk 0:23:09]} Rdc8 {[%clk 0:12:15]} 30. Qa4
{[%clk 0:19:03]} Rc2 {[%clk 0:07:54]} 31. Be3 {[%clk 0:18:30]} Bh6 {[%clk
0:05:53]} 32. g3 {[%clk 0:10:24]} Qg5 {[%clk 0:01:01]} 33. Qd7 {[%clk 0:06:07]}
Qh5 {[%clk 0:00:57]} 34. Rd2 {[%clk 0:06:34]} Nh3+ {[%clk 0:00:44]} 35. Kg2
{[%clk 0:05:38]} Rxd2+ {[%clk 0:01:04]} 36. Bxd2 {[%clk 0:06:04]} Bxd2 {[%clk
0:01:27]} 37. Rd1 {[%clk 0:06:30]} Ng5 {[%clk 0:01:45]} 38. Be2 {[%clk 0:06:05]}
Bb4 {[%clk 0:01:24]} 39. h4 {[%clk 0:06:31]} Ne6 {[%clk 0:00:48]} 40. Bc4 {[%clk
0:36:55]} Rd8 {[%clk 0:30:58]} 41. Qa7 {[%clk 0:36:50]} Rf8 {[%clk 0:26:57]} 42.
a3 {[%clk 0:36:43]} Nd4 {[%clk 0:14:48]} 43. Rd3 {[%clk 0:32:29]} Bc5 {[%clk
0:12:03]} 44. Qxa5 {[%clk 0:32:52]} Qh6 {[%clk 0:11:57]} 45. Qe1 {[%clk 0:32:29]}
Nc2 {[%clk 0:10:51]} 0-1

[Event "Irena Warakomska Memorial 2019"]
[Site "Suwalki"]
[Date "2019.08.05"]
[Round "1"]
[White "Zaika, Daniil"]
[Black "Barski, Radoslaw"]
[Result "0-1"]
[Board "22"]
[WhiteElo "2216"]
[WhiteCountry "RUS"]
[WhiteFideId "44131186"]
[WhiteEloChange "-4"]
[BlackElo "2438"]
[BlackTitle "IM"]
[BlackCountry "POL"]
[BlackFideId "1131710"]
[BlackEloChange "2"]

1. d4 {[%clk 1:30:55]} Nf6 {[%clk 1:30:05]} 2. c4 {[%clk 1:31:19]} g6 {[%clk
1:30:20]} 3. g3 {[%clk 1:31:28]} Bg7 {[%clk 1:30:44]} 4. Bg2 {[%clk 1:31:49]} O-O
{[%clk 1:31:07]} 5. Nc3 {[%clk 1:32:08]} d6 {[%clk 1:31:27]} 6. Nf3 {[%clk
1:32:24]} Nbd7 {[%clk 1:30:49]} 7. O-O {[%clk 1:32:33]} e5 {[%clk 1:31:14]} 8. h3
{[%clk 1:31:46]} a6 {[%clk 1:31:14]} 9. Re1 {[%clk 1:19:58]} Rb8 {[%clk 1:30:49]}
10. a4 {[%clk 1:17:52]} Re8 {[%clk 1:20:08]} 11. e4 {[%clk 1:10:56]} exd4 {[%clk
1:17:38]} 12. Nxd4 {[%clk 1:11:21]} a5 {[%clk 1:16:53]} 13. Ndb5 {[%clk 1:06:22]}
Nc5 {[%clk 1:13:52]} 14. Bf4 {[%clk 0:59:30]} Be6 {[%clk 1:09:23]} 15. b3 {[%clk
0:44:23]} Nfd7 {[%clk 1:04:29]} 16. Qc2 {[%clk 0:43:36]} Na6 {[%clk 0:54:07]} 17.
Rad1 {[%clk 0:36:30]} Nb4 {[%clk 0:53:52]} 18. Qb1 {[%clk 0:33:50]} c6 {[%clk
0:32:28]} 19. Bxd6 {[%clk 0:16:47]} cxb5 {[%clk 0:32:42]} 20. Nxb5 {[%clk
0:17:15]} Rc8 {[%clk 0:30:22]} 21. f4 {[%clk 0:15:56]} Qb6+ {[%clk 0:27:42]} 22.
Kh2 {[%clk 0:16:19]} Nf6 {[%clk 0:23:35]} 23. Bxb4 {[%clk 0:04:01]} axb4 {[%clk
0:23:57]} 24. Nd6 {[%clk 0:04:28]} h5 {[%clk 0:15:56]} 25. e5 {[%clk 0:01:27]}
Nd7 {[%clk 0:15:18]} 26. Nxb7 {[%clk 0:01:38]} h4 {[%clk 0:12:53]} 27. g4 {[%clk
0:01:44]} Qf2 {[%clk 0:12:15]} 28. Qe4 {[%clk 0:01:24]} Qg3+ {[%clk 0:07:25]} 29.
Kg1 {[%clk 0:01:21]} Qxb3 {[%clk 0:07:39]} 30. Nd6 {[%clk 0:01:27]} Nc5 {[%clk
0:06:50]} 31. Qb1 {[%clk 0:00:37]} Qxb1 {[%clk 0:04:50]} 32. Rxb1 {[%clk
0:00:59]} b3 {[%clk 0:05:17]} 33. Bd5 {[%clk 0:00:31]} Red8 {[%clk 0:03:13]} 34.
Nxc8 {[%clk 0:00:46]} Rxc8 {[%clk 0:02:21]} 35. a5 {[%clk 0:00:58]} Rc7 {[%clk
0:02:18]} 36. Red1 {[%clk 0:01:08]} Bd7 {[%clk 0:02:06]} 37. Bf3 {[%clk 0:00:40]}
g5 {[%clk 0:01:53]} 38. a6 {[%clk 0:00:47]} gxf4 {[%clk 0:01:21]} 39. Ra1 {[%clk
0:00:37]} Ra7 {[%clk 0:01:23]} 40. Ra5 {[%clk 0:30:51]} Bf8 {[%clk 0:27:09]} 41.
Rb1 {[%clk 0:09:20]} Bc8 {[%clk 0:22:04]} 42. Bd1 Bxa6 {[%clk 0:22:04]} 43. g5
{[%clk 0:04:26]} Rd7 {[%clk 0:21:00]} 44. Bxb3 {[%clk 0:03:07]} Rd3 {[%clk
0:20:55]} 45. Bc2 {[%clk 0:03:34]} Rg3+ {[%clk 0:20:53]} 46. Kf2 Bxc4 {[%clk
0:20:10]} 47. Rb8 {[%clk 0:02:07]} Ne6 {[%clk 0:19:27]} 48. Bf5 {[%clk 0:02:06]}
Kg7 {[%clk 0:19:29]} 49. g6 {[%clk 0:01:30]} Bc5+ {[%clk 0:17:52]} 50. Rxc5
{[%clk 0:01:57]} Nxc5 {[%clk 0:18:18]} 51. Rb4 {[%clk 0:02:22]} Be6 {[%clk
0:18:00]} 52. Bb1 {[%clk 0:02:14]} fxg6 {[%clk 0:17:21]} 53. Rxf4 {[%clk
0:02:38]} Rb3 {[%clk 0:17:35]} 54. Bxg6 {[%clk 0:01:24]} Kxg6 {[%clk 0:16:55]}
55. Rxh4 {[%clk 0:01:50]} Kf5 {[%clk 0:17:06]} 56. Rh5+ {[%clk 0:01:55]} Kf4
{[%clk 0:17:20]} 57. Rh4+ {[%clk 0:02:19]} Kxe5 {[%clk 0:17:43]} 58. Ke2 {[%clk
0:02:29]} Ne4 {[%clk 0:17:57]} 59. Rh5+ {[%clk 0:02:01]} Kd4 {[%clk 0:18:19]} 0-1

[Event "Irena Warakomska Memorial 2019"]
[Site "Suwalki"]
[Date "2019.08.05"]
[Round "1"]
[White "Cukrowski, Filip"]
[Black "Kukula, Pawel"]
[Result "1-0"]
[Board "23"]
[WhiteElo "2424"]
[WhiteTitle "FM"]
[WhiteCountry "POL"]
[WhiteFideId "1171097"]
[WhiteEloChange "2"]
[BlackElo "2209"]
[BlackCountry "POL"]
[BlackFideId "1115081"]
[BlackEloChange "-4"]

1. e4 {[%clk 1:29:52]} c5 {[%clk 1:30:33]} 2. Nf3 {[%clk 1:30:16]} Nc6 {[%clk
1:30:48]} 3. Bb5 {[%clk 1:30:40]} g6 {[%clk 1:30:28]} 4. O-O {[%clk 1:30:54]} Bg7
{[%clk 1:30:47]} 5. Re1 {[%clk 1:24:47]} e5 {[%clk 1:26:20]} 6. d3 {[%clk
1:19:48]} Nge7 {[%clk 1:26:13]} 7. Nc3 {[%clk 1:20:12]} O-O {[%clk 1:26:11]} 8.
h3 {[%clk 1:18:15]} d6 {[%clk 1:24:01]} 9. Be3 {[%clk 1:14:57]} h6 {[%clk
1:23:44]} 10. a3 {[%clk 0:57:16]} f5 {[%clk 1:14:58]} 11. Bc4+ {[%clk 0:57:40]}
Kh7 {[%clk 1:15:23]} 12. Bg5 {[%clk 0:35:44]} Bf6 {[%clk 1:12:11]} 13. Bxf6
{[%clk 0:35:51]} Rxf6 {[%clk 1:12:34]} 14. Nd5 {[%clk 0:35:01]} Nxd5 {[%clk
1:12:07]} 15. Bxd5 {[%clk 0:35:14]} Be6 {[%clk 1:02:40]} 16. Bxe6 {[%clk
0:34:43]} Rxe6 {[%clk 1:03:03]} 17. c3 {[%clk 0:35:09]} Qf6 {[%clk 0:59:12]} 18.
Qb3 {[%clk 0:25:29]} Re7 {[%clk 0:58:49]} 19. d4 {[%clk 0:19:51]} cxd4 {[%clk
0:47:07]} 20. cxd4 {[%clk 0:20:16]} Rae8 {[%clk 0:46:16]} 21. dxe5 {[%clk
0:20:37]} dxe5 {[%clk 0:46:30]} 22. Rad1 {[%clk 0:20:27]} Nd4 {[%clk 0:45:56]}
23. Nxd4 {[%clk 0:20:16]} exd4 {[%clk 0:46:21]} 24. e5 {[%clk 0:20:21]} Rxe5
{[%clk 0:43:41]} 25. Rxe5 {[%clk 0:20:45]} Rxe5 {[%clk 0:39:11]} 26. Qxb7+ {[%clk
0:21:08]} Re7 {[%clk 0:39:29]} 27. Qd5 {[%clk 0:21:15]} Re4 {[%clk 0:37:52]} 28.
f3 {[%clk 0:19:44]} Re2 {[%clk 0:36:26]} 29. Qxd4 {[%clk 0:19:22]} Qxd4+ {[%clk
0:35:07]} 30. Rxd4 {[%clk 0:19:48]} Rxb2 {[%clk 0:35:31]} 31. Rd7+ {[%clk
0:20:11]} Kg8 {[%clk 0:35:57]} 32. Rxa7 {[%clk 0:20:39]} Ra2 {[%clk 0:36:13]} 33.
a4 {[%clk 0:20:33]} f4 {[%clk 0:36:22]} 34. a5 {[%clk 0:20:19]} Ra1+ {[%clk
0:36:33]} 35. Kf2 {[%clk 0:20:10]} Ra2+ {[%clk 0:36:58]} 36. Kf1 {[%clk 0:20:36]}
Kf8 {[%clk 0:36:20]} 37. a6 {[%clk 0:21:00]} Kg8 {[%clk 0:36:46]} 38. Ke1 {[%clk
0:20:57]} g5 {[%clk 0:28:15]} 39. Kd1 {[%clk 0:20:42]} h5 {[%clk 0:28:13]} 40.
Kc1 {[%clk 0:51:01]} g4 {[%clk 0:58:35]} 41. Kb1 {[%clk 0:51:02]} gxh3 {[%clk
0:57:16]} 42. gxh3 {[%clk 0:51:15]} Ra5 {[%clk 0:57:02]} 43. Kb2 {[%clk 0:51:32]}
h4 {[%clk 0:57:26]} 44. Kb3 {[%clk 0:51:50]} Ra1 {[%clk 0:57:38]} 45. Kc4 {[%clk
0:51:45]} 1-0

[Event "Irena Warakomska Memorial 2019"]
[Site "Suwalki"]
[Date "2019.08.05"]
[Round "1"]
[White "Kokoszczynski, Jan"]
[Black "Dhulipalla Bala Chandra Prasad"]
[Result "0-1"]
[Board "24"]
[WhiteElo "2198"]
[WhiteCountry "POL"]
[WhiteFideId "1174460"]
[WhiteEloChange "-4"]
[BlackElo "2420"]
[BlackTitle "IM"]
[BlackCountry "IND"]
[BlackFideId "25005812"]
[BlackEloChange "2"]

1. e4 {[%clk 1:30:49]} e5 {[%clk 1:30:55]} 2. Nf3 {[%clk 1:30:54]} Nc6 {[%clk
1:31:20]} 3. Bb5 {[%clk 1:31:11]} a6 {[%clk 1:31:45]} 4. Ba4 {[%clk 1:31:34]} Nf6
{[%clk 1:32:09]} 5. O-O {[%clk 1:31:52]} Be7 {[%clk 1:32:35]} 6. Re1 {[%clk
1:31:58]} b5 {[%clk 1:33:00]} 7. Bb3 {[%clk 1:32:17]} d6 {[%clk 1:33:27]} 8. c3
{[%clk 1:32:34]} O-O {[%clk 1:33:51]} 9. h3 {[%clk 1:32:43]} Nb8 {[%clk 1:34:15]}
10. d4 {[%clk 1:32:49]} Nbd7 {[%clk 1:34:40]} 11. c4 {[%clk 1:32:49]} c6 {[%clk
1:34:25]} 12. Nc3 {[%clk 1:32:12]} b4 {[%clk 1:34:01]} 13. Ne2 {[%clk 1:32:32]}
Nxe4 {[%clk 1:32:47]} 14. Qc2 {[%clk 1:32:55]} Nef6 {[%clk 1:33:04]} 15. Ng3
{[%clk 1:25:45]} a5 {[%clk 1:24:12]} 16. dxe5 {[%clk 0:59:40]} Nxe5 {[%clk
1:24:10]} 17. Nxe5 {[%clk 0:56:49]} dxe5 {[%clk 1:24:35]} 18. Rxe5 {[%clk
0:52:38]} Qc7 {[%clk 1:24:50]} 19. Re1 {[%clk 0:51:22]} c5 {[%clk 1:25:14]} 20.
Nf5 {[%clk 0:45:41]} Bd8 {[%clk 1:17:23]} 21. Ba4 {[%clk 0:41:41]} Ra6 {[%clk
1:13:36]} 22. Bd2 {[%clk 0:23:32]} Bb7 {[%clk 0:44:14]} 23. Ng3 {[%clk 0:15:37]}
Ba8 {[%clk 0:36:44]} 24. Be3 {[%clk 0:13:15]} Re6 {[%clk 0:32:19]} 25. Rad1
{[%clk 0:11:01]} Ne4 {[%clk 0:17:52]} 26. Rd7 {[%clk 0:10:40]} Qc8 {[%clk
0:17:25]} 27. Ne2 {[%clk 0:04:02]} Nf6 {[%clk 0:17:25]} 28. Rdd1 {[%clk 0:04:25]}
Nh5 {[%clk 0:08:08]} 29. Qf5 {[%clk 0:00:39]} Qb7 {[%clk 0:04:37]} 30. Rd5 {[%clk
0:01:08]} Nf6 {[%clk 0:04:23]} 31. Nf4 {[%clk 0:00:44]} g6 {[%clk 0:03:00]} 32.
Qd3 {[%clk 0:00:49]} Nxd5 {[%clk 0:03:00]} 33. cxd5 {[%clk 0:01:18]} Re5 {[%clk
0:02:43]} 34. Rc1 {[%clk 0:01:09]} Bb6 {[%clk 0:01:42]} 35. h4 {[%clk 0:00:35]}
Rd8 {[%clk 0:01:41]} 36. Qb5 {[%clk 0:00:35]} Qe7 {[%clk 0:01:12]} 37. Re1 {[%clk
0:00:44]} Rd6 {[%clk 0:01:16]} 38. Bb3 {[%clk 0:01:01]} c4 {[%clk 0:01:15]} 39.
Bxc4 {[%clk 0:00:40]} Bxe3 {[%clk 0:01:33]} 40. fxe3 {[%clk 0:31:07]} Rxe3 {[%clk
0:31:13]} 41. Rf1 {[%clk 0:29:39]} Re4 {[%clk 0:25:11]} 42. b3 {[%clk 0:27:04]}
Rxf4 {[%clk 0:22:28]} 0-1

[Event "Irena Warakomska Memorial 2019"]
[Site "Suwalki"]
[Date "2019.08.05"]
[Round "1"]
[White "Goluch, Piotr"]
[Black "Sanz Wawer, Daniel"]
[Result "1-0"]
[Board "25"]
[WhiteElo "2418"]
[WhiteTitle "FM"]
[WhiteCountry "POL"]
[WhiteFideId "1137840"]
[WhiteEloChange "2"]
[BlackElo "2198"]
[BlackCountry "POL"]
[BlackFideId "1185543"]
[BlackEloChange "-4"]

1. e4 {[%clk 1:30:56]} c6 {[%clk 1:30:53]} 2. Nc3 {[%clk 1:31:22]} d5 {[%clk
1:31:15]} 3. Nf3 {[%clk 1:31:48]} Nf6 {[%clk 1:30:21]} 4. e5 {[%clk 1:32:05]} Ne4
{[%clk 1:30:20]} 5. d3 {[%clk 1:32:30]} Nxc3 {[%clk 1:30:15]} 6. bxc3 {[%clk
1:32:56]} Bg4 {[%clk 1:27:30]} 7. Be2 {[%clk 1:33:21]} Nd7 {[%clk 1:26:44]} 8.
Bf4 {[%clk 1:30:33]} e6 {[%clk 1:25:48]} 9. O-O {[%clk 1:29:13]} Be7 {[%clk
1:24:14]} 10. Rb1 {[%clk 1:29:16]} b6 {[%clk 1:18:37]} 11. Re1 {[%clk 1:26:40]}
O-O {[%clk 1:17:29]} 12. Nd4 {[%clk 1:27:02]} Bxe2 {[%clk 1:17:12]} 13. Qxe2
{[%clk 1:27:27]} Rc8 {[%clk 1:08:20]} 14. Qg4 {[%clk 1:24:53]} Re8 {[%clk
1:06:03]} 15. Bh6 {[%clk 1:22:57]} Bf8 {[%clk 1:04:09]} 16. Re3 {[%clk 1:20:31]}
g6 {[%clk 1:00:41]} 17. Qf4 {[%clk 1:17:24]} Bxh6 {[%clk 0:46:13]} 18. Qxh6
{[%clk 1:17:50]} Qe7 {[%clk 0:38:39]} 19. Nf3 {[%clk 1:09:16]} Qf8 {[%clk
0:33:57]} 20. Qf4 {[%clk 1:06:22]} c5 {[%clk 0:34:03]} 21. h4 {[%clk 1:05:32]} h6
{[%clk 0:32:04]} 22. Rbe1 {[%clk 1:01:44]} c4 {[%clk 0:29:25]} 23. d4 {[%clk
1:02:01]} b5 {[%clk 0:28:49]} 24. Nh2 {[%clk 1:00:58]} Kh7 {[%clk 0:27:59]} 25.
Rg3 {[%clk 0:56:25]} a5 {[%clk 0:24:41]} 26. h5 {[%clk 0:53:42]} g5 {[%clk
0:24:15]} 27. Qd2 {[%clk 0:53:58]} f5 {[%clk 0:19:15]} 28. exf6 {[%clk 0:54:24]}
Nxf6 {[%clk 0:19:39]} 29. Rge3 {[%clk 0:50:11]} Nxh5 {[%clk 0:16:30]} 30. Rxe6
{[%clk 0:50:05]} Nf4 {[%clk 0:15:32]} 31. R6e5 {[%clk 0:50:09]} Rxe5 {[%clk
0:07:30]} 32. dxe5 {[%clk 0:50:33]} Qf5 {[%clk 0:07:16]} 33. Qd1 {[%clk 0:47:22]}
h5 {[%clk 0:05:50]} 34. e6 {[%clk 0:45:16]} Re8 {[%clk 0:02:47]} 35. e7 {[%clk
0:45:40]} g4 {[%clk 0:01:25]} 36. Nf1 {[%clk 0:45:09]} Qf7 {[%clk 0:00:51]} 37.
Qd2 {[%clk 0:45:16]} Ng6 {[%clk 0:00:33]} 38. Qg5 {[%clk 0:45:11]} Nxe7 {[%clk
0:00:38]} 39. Ng3 {[%clk 0:45:29]} Nc6 {[%clk 0:00:32]} 40. Rxe8 {[%clk 1:14:47]}
Qxe8 {[%clk 0:30:58]} 41. Qxd5 {[%clk 1:10:33]} h4 {[%clk 0:21:10]} 42. Ne4
{[%clk 1:10:22]} Qg6 {[%clk 0:20:24]} 43. Ng5+ {[%clk 1:10:11]} Kh6 {[%clk
0:19:47]} 44. Ne6 {[%clk 1:10:28]} 1-0

[Event "Irena Warakomska Memorial 2019"]
[Site "Suwalki"]
[Date "2019.08.05"]
[Round "1"]
[White "Hnydiuk, Aleksander"]
[Black "Kumala, Aleksander"]
[Result "1-0"]
[Board "27"]
[WhiteElo "2412"]
[WhiteTitle "IM"]
[WhiteCountry "POL"]
[WhiteFideId "1109057"]
[WhiteEloChange "2"]
[BlackElo "2185"]
[BlackTitle "CM"]
[BlackCountry "POL"]
[BlackFideId "1141880"]
[BlackEloChange "-4"]

1. Nf3 {[%clk 1:30:56]} d6 {[%clk 1:30:54]} 2. d4 {[%clk 1:31:17]} Bg4 {[%clk
1:31:18]} 3. c4 {[%clk 1:30:54]} Bxf3 {[%clk 1:31:31]} 4. exf3 {[%clk 1:30:12]}
c6 {[%clk 1:31:55]} 5. Nc3 {[%clk 1:29:25]} g6 {[%clk 1:32:17]} 6. Be3 {[%clk
1:18:24]} Bg7 {[%clk 1:32:23]} 7. Qb3 {[%clk 1:09:55]} Qc7 {[%clk 1:29:46]} 8.
Be2 {[%clk 1:07:53]} e6 {[%clk 1:29:53]} 9. d5 {[%clk 1:04:48]} exd5 {[%clk
1:29:22]} 10. cxd5 {[%clk 1:05:13]} Nd7 {[%clk 1:29:11]} 11. Rc1 {[%clk 0:56:18]}
c5 {[%clk 1:24:36]} 12. Nb5 {[%clk 0:49:03]} Qb8 {[%clk 1:24:13]} 13. Bf4 {[%clk
0:38:50]} Ne5 {[%clk 1:23:58]} 14. Qa4 {[%clk 0:38:55]} Kf8 {[%clk 1:24:01]} 15.
O-O {[%clk 0:23:27]} Ne7 {[%clk 1:21:07]} 16. Nc3 {[%clk 0:18:31]} a6 {[%clk
1:18:43]} 17. Qe4 {[%clk 0:17:14]} b5 {[%clk 1:18:23]} 18. Bg5 {[%clk 0:16:36]}
f6 {[%clk 1:13:32]} 19. Be3 {[%clk 0:16:54]} Kf7 {[%clk 1:01:07]} 20. f4 {[%clk
0:16:07]} f5 {[%clk 1:00:03]} 21. Qc2 {[%clk 0:16:36]} Nd7 {[%clk 0:59:38]} 22.
Bf3 {[%clk 0:15:30]} Re8 {[%clk 0:59:27]} 23. Rfe1 {[%clk 0:15:50]} Nb6 {[%clk
0:48:44]} 24. Rcd1 {[%clk 0:15:58]} Ng8 {[%clk 0:43:03]} 25. Bc1 {[%clk 0:15:49]}
Ra7 {[%clk 0:43:17]} 26. Re6 {[%clk 0:14:58]} Rae7 {[%clk 0:40:50]} 27. g4 {[%clk
0:07:44]} b4 {[%clk 0:32:51]} 28. Ne2 {[%clk 0:03:41]} Rxe6 {[%clk 0:22:31]} 29.
dxe6+ {[%clk 0:04:07]} Rxe6 {[%clk 0:22:45]} 30. gxf5 {[%clk 0:04:25]} gxf5
{[%clk 0:21:54]} 31. Qxf5+ {[%clk 0:04:28]} Nf6 {[%clk 0:22:00]} 32. Ng3 {[%clk
0:04:18]} Qc8 {[%clk 0:17:48]} 33. Ne4 {[%clk 0:00:47]} Ke7 {[%clk 0:09:25]} 34.
Qg5 {[%clk 0:01:13]} Bh8 {[%clk 0:05:54]} 35. f5 {[%clk 0:01:16]} Re5 {[%clk
0:03:51]} 36. Nxd6 {[%clk 0:01:28]} Qg8 {[%clk 0:03:50]} 37. Qxg8 {[%clk
0:01:36]} Nxg8 {[%clk 0:04:18]} 38. Bf4 {[%clk 0:01:43]} c4 {[%clk 0:03:46]} 39.
Bxe5 {[%clk 0:00:55]} Bxe5 {[%clk 0:04:13]} 40. Nxc4 {[%clk 0:30:35]} Nxc4 {[%clk
0:34:15]} 41. Bd5 {[%clk 0:31:04]} Nxb2 {[%clk 0:34:28]} 42. Re1 {[%clk 0:31:23]}
Nd3 {[%clk 0:33:44]} 43. Re3 {[%clk 0:31:43]} Nh6 {[%clk 0:33:43]} 44. Rxd3
{[%clk 0:31:39]} Nxf5 {[%clk 0:34:03]} 45. Bc4 {[%clk 0:30:44]} Nd4 {[%clk
0:33:04]} 46. Bxa6 {[%clk 0:30:10]} Ne2+ {[%clk 0:33:24]} 47. Kh1 {[%clk
0:30:01]} Nc3 {[%clk 0:33:04]} 48. Bc4 {[%clk 0:30:24]} Kf6 {[%clk 0:33:06]} 49.
Kg2 {[%clk 0:29:50]} Ne2 {[%clk 0:32:54]} 50. Rf3+ {[%clk 0:25:24]} Nf4+ {[%clk
0:33:18]} 51. Kg3 {[%clk 0:25:29]} 1-0

[Event "Irena Warakomska Memorial 2019"]
[Site "Suwalki"]
[Date "2019.08.05"]
[Round "1"]
[White "Pniaczek, Marek"]
[Black "Kosakowski, Jakub"]
[Result "0-1"]
[Board "28"]
[WhiteElo "2180"]
[WhiteTitle "CM"]
[WhiteCountry "POL"]
[WhiteFideId "21800421"]
[WhiteEloChange "-4"]
[BlackElo "2401"]
[BlackTitle "FM"]
[BlackCountry "POL"]
[BlackFideId "1185080"]
[BlackEloChange "2"]

1. e4 {[%clk 1:30:56]} c5 {[%clk 1:30:09]} 2. Nf3 {[%clk 1:31:21]} Nc6 {[%clk
1:29:55]} 3. Bb5 {[%clk 1:31:20]} g6 {[%clk 1:29:34]} 4. O-O {[%clk 1:31:39]} Bg7
{[%clk 1:29:54]} 5. Re1 {[%clk 1:31:59]} e5 {[%clk 1:25:00]} 6. Bxc6 {[%clk
1:31:15]} dxc6 {[%clk 1:20:44]} 7. d3 {[%clk 1:30:44]} Qc7 {[%clk 1:18:17]} 8.
Be3 {[%clk 1:27:01]} b6 {[%clk 1:18:31]} 9. Nbd2 {[%clk 1:26:39]} Nf6 {[%clk
1:18:00]} 10. Nc4 {[%clk 1:25:38]} Nd7 {[%clk 1:18:15]} 11. a3 {[%clk 1:20:14]}
O-O {[%clk 1:09:38]} 12. b4 {[%clk 1:18:13]} b5 {[%clk 1:07:27]} 13. Na5 {[%clk
1:09:09]} Rd8 {[%clk 0:57:05]} 14. Qb1 {[%clk 1:01:38]} Bf8 {[%clk 0:40:04]} 15.
Rc1 {[%clk 0:54:20]} Rb8 {[%clk 0:18:33]} 16. Qb3 {[%clk 0:54:20]} Nb6 {[%clk
0:18:33]} 17. Bxc5 {[%clk 0:31:55]} Bxc5 {[%clk 0:18:50]} 18. bxc5 {[%clk
0:32:16]} Na4 {[%clk 0:19:17]} 19. Qb4 {[%clk 0:29:17]} Bg4 {[%clk 0:19:26]} 20.
Nxe5 {[%clk 0:22:26]} Qxe5 {[%clk 0:18:51]} 21. Nxc6 {[%clk 0:22:48]} Qg5 {[%clk
0:15:47]} 22. h4 {[%clk 0:16:38]} Qxh4 {[%clk 0:16:04]} 23. Nxb8 {[%clk 0:15:53]}
Qg5 {[%clk 0:15:59]} 24. Kf1 {[%clk 0:12:24]} Qh5 {[%clk 0:13:51]} 25. Kg1 {[%clk
0:10:28]} Qg5 {[%clk 0:13:36]} 26. Kf1 {[%clk 0:09:18]} Rxb8 {[%clk 0:13:40]} 27.
f3 {[%clk 0:09:08]} Be6 {[%clk 0:12:47]} 28. d4 {[%clk 0:08:20]} Qe3 {[%clk
0:04:04]} 29. d5 {[%clk 0:07:32]} Bh3 {[%clk 0:04:26]} 30. gxh3 {[%clk 0:05:06]}
Qxf3+ {[%clk 0:04:54]} 31. Kg1 {[%clk 0:04:47]} Qg3+ {[%clk 0:05:23]} 32. Kh1
{[%clk 0:03:56]} Qxh3+ {[%clk 0:05:45]} 33. Kg1 {[%clk 0:04:24]} Qg3+ {[%clk
0:05:58]} 34. Kh1 {[%clk 0:04:50]} Re8 {[%clk 0:04:11]} 35. Re1 {[%clk 0:03:13]}
Re5 {[%clk 0:04:22]} 0-1

[Event "Irena Warakomska Memorial 2019"]
[Site "Suwalki"]
[Date "2019.08.05"]
[Round "1"]
[White "Skawinski, Arkadiusz"]
[Black "Balinski, Damian"]
[Result "1-0"]
[Board "29"]
[WhiteElo "2398"]
[WhiteTitle "FM"]
[WhiteCountry "POL"]
[WhiteFideId "1126415"]
[WhiteEloChange "4"]
[BlackElo "2176"]
[BlackCountry "POL"]
[BlackFideId "1120913"]
[BlackEloChange "-4"]

1. e4 {[%clk 1:30:30]} d6 {[%clk 1:30:30]} 2. d4 {[%clk 1:30:30]} Nf6 {[%clk
1:30:30]} 3. Nc3 {[%clk 1:30:30]} g6 {[%clk 1:30:30]} 4. Nf3 {[%clk 1:30:30]} Bg7
{[%clk 1:30:30]} 5. Be3 {[%clk 1:30:30]} O-O {[%clk 1:30:30]} 6. Qd2 {[%clk
1:30:30]} c6 {[%clk 1:30:30]} 7. Bh6 {[%clk 1:30:30]} b5 {[%clk 1:30:30]} 8. Bd3
{[%clk 1:30:30]} Bg4 {[%clk 1:30:30]} 9. h4 {[%clk 1:30:30]} Bxf3 {[%clk
1:30:30]} 10. gxf3 {[%clk 1:30:30]} e5 11. h5 {[%clk 1:30:30]} Nxh5 12. O-O-O
{[%clk 1:30:30]} Nf4 13. Bxf4 {[%clk 1:30:30]} exf4 14. Qxf4 {[%clk 1:30:30]} Qf6
15. Qh2 {[%clk 1:30:30]} h5 16. Ne2 {[%clk 1:30:30]} Nd7 17. f4 {[%clk 1:30:30]}
Nc5 18. dxc5 {[%clk 1:30:30]} Qxb2+ 19. Kd2 {[%clk 1:30:30]} dxc5 20. e5 {[%clk
1:30:30]} Rad8 21. Ke3 {[%clk 1:30:30]} Qxa2 22. Ng3 {[%clk 1:30:30]} Rfe8 23.
Nxh5 {[%clk 1:30:30]} gxh5 24. Qxh5 {[%clk 1:30:30]} Kf8 25. Rdg1 {[%clk
1:30:30]} Re6 26. Rxg7 {[%clk 1:30:30]} Rxd3+ 27. cxd3 {[%clk 1:30:30]} Kxg7 28.
Qh8+ {[%clk 1:30:30]} 1-0